[Event "TCh-SRB Premier Men"]
[Site "Valjevo SRB"]
[Date "2011.08.29"]
[Round "3.5"]
[White "Damljanovic,B"]
[Black "Vuckovic,Bo"]
[Result "0-1"]
[WhiteElo "2611"]
[BlackElo "2623"]

1.c4 Nf6 2.Nf3 c5 3.Nc3 e6 4.g3 b6 5.Bg2 Bb7 6.O-O a6 7.Re1 Be7 8.e4 d6 9.d4 cxd4
10.Nxd4 Qc7 11.Be3 O-O 12.Rc1 Nbd7 13.f4 Rac8 14.g4 Nc5 15.Bf2 g6 16.f5 exf5
17.exf5 Bxg2 18.Kxg2 Qb7+ 19.Nf3 Nce4 20.Nxe4 Nxe4 21.Qd4 Nxf2 22.Kxf2 Rfd8
23.f6 Bf8 24.Qd5 Qd7 25.b4 Qxg4 26.Re4 Qd7 27.Rce1 Re8 28.h4 Rxe4 29.Rxe4 b5
30.cxb5 axb5 31.Kg3 Qd8 32.Rf4 Rc3 33.Kg2 Rc2+ 34.Kg3 Qb6 35.Rd4 Qa6 36.Rd2 Rxd2
37.Qxd2 Qc6 38.a3 d5 39.Qd4 Bd6+ 40.Kf2 Bc7 41.Ke2 Bd8 42.Qc5 Qd7 43.Nd4 Bxf6
44.Nxb5 Be7 45.Qb6 Qg4+ 46.Kd2 Qg2+ 47.Kd1 Qf3+ 48.Kc2 Qe2+ 49.Kb3 Qd1+ 50.Kb2 Bxh4
51.Qc6 Kg7 52.Nc3 Qd2+ 53.Kb3 d4 54.Ne4 Qd1+ 55.Qc2 Qf3+ 56.Ka4 h5 57.Nc5 Be7
58.Nd3 h4 59.b5 Qa8+ 60.Kb3 Qxa3+ 61.Kc4 h3 62.Kxd4 Qd6+  0-1

[Event "TCh-SRB Premier Women"]
[Site "Valjevo SRB"]
[Date "2011.08.30"]
[Round "4.6"]
[White "Genova,R"]
[Black "Bojkovic,N"]
[Result "0-1"]
[WhiteElo "2188"]
[BlackElo "2378"]

1.c4 Nf6 2.Nf3 e6 3.Nc3 c5 4.g3 b6 5.Bg2 Bb7 6.O-O Be7 7.Re1 d6 8.e4 Nbd7
9.d4 cxd4 10.Nxd4 Qc7 11.Ndb5 Qb8 12.Bf4 Ne5 13.b3 O-O 14.h3 a6 15.Nd4 Qc7
16.Rc1 Rac8 17.Be3 Ned7 18.g4 Nc5 19.Qc2 h6 20.Nde2 Qb8 21.Ng3 Rfe8 22.f4 Nh7
23.Red1 Bh4 24.Bf2  0-1

[Event "TCh-SRB Premier Men"]
[Site "Valjevo SRB"]
[Date "2011.08.31"]
[Round "5.3"]
[White "Marjanovic,Slavo"]
[Black "Vuckovic,Bo"]
[Result "0-1"]
[WhiteElo "2469"]
[BlackElo "2623"]

1.Nf3 Nf6 2.c4 c5 3.Nc3 e6 4.g3 b6 5.Bg2 Bb7 6.O-O a6 7.b3 d6 8.Bb2 Be7 9.e3 O-O
10.Qe2 Nbd7 11.Rfd1 Re8 12.d4 Ne4 13.Nxe4 Bxe4 14.Ne1 Bxg2 15.Nxg2 cxd4 16.Rxd4 Qc7
17.Rad1 b5 18.Nf4 Qc6 19.Nd3 e5 20.cxb5 axb5 21.Nb4 Qc5 22.Rg4 Nf6 23.Rc1 Qb6
24.Rh4 Rac8 25.Rxc8 Rxc8 26.f4 Nd7 27.Rh3 Qc5 28.a3 Bf6 29.Kg2 g6 30.e4 exf4
31.gxf4 Re8 32.e5 dxe5 33.Rd3 Qa7 34.Rd5 Qa8 35.Qxb5 exf4 36.Bc1 Nf8 37.Qc6 Re2+
38.Kf3 Qxc6 39.Nxc6 Rc2 40.Rd6 Rxc1 41.Rxf6 Rc3+ 42.Kf2 Nd7 43.Rd6 Nc5 44.Rd8+ Kg7
45.Nd4 Nxb3 46.Ne2 Rc4 47.Kf3 g5 48.h4 h6 49.Rd3 Nc5 50.Rc3 Rxc3+ 51.Nxc3 Kg6  0-1

[Event "3rd Zenderood Open"]
[Site "Esfahan IRI"]
[Date "2011.09.02"]
[Round "1"]
[White "Khodaverdian,Omid"]
[Black "Idani,P"]
[Result "0-1"]
[WhiteElo "1655"]
[BlackElo "2417"]

1.c4 e6 2.Nc3 c5 3.Nf3 Nf6 4.d4 cxd4 5.Nxd4 a6 6.g3 Qc7 7.Qa4 Bc5 8.Nb3 Be7
9.Bg2 O-O 10.O-O d6 11.Nd4 Bd7 12.Qb3 Nc6 13.Nxc6 Bxc6 14.e4 Rab8 15.Be3 b5
16.cxb5 axb5 17.Rac1 Qb7 18.f3 b4 19.Ne2 e5 20.Rfd1 Qa6 21.Rd2 Ba4 22.Qc4 Bb5
23.Qc7 Rb7 24.Qc2 Qxa2 25.Bf1 Qe6 26.Qd1 h6 27.Ra1 Rd8 28.Ra5 Bc4 29.Nc1 Bxf1
30.Qxf1 Rc8 31.Nd3 b3 32.Qf2 Rbc7 33.Nb4 Qh3 34.Rd1 d5 35.exd5 Nxd5 36.Raxd5 Rc2
37.R5d2 Rxd2 38.Bxd2 Bc5 39.Be3 Bxe3 40.Qxe3 Rc2  0-1

[Event "TCh-SRB Premier Women"]
[Site "Valjevo SRB"]
[Date "2011.09.02"]
[Round "7.3"]
[White "Vujic Katanic,B"]
[Black "Milosevic,Jo"]
[Result "1-0"]
[WhiteElo "2108"]
[BlackElo "1734"]

1.Nf3 c5 2.c4 Nf6 3.Nc3 d5 4.cxd5 Nxd5 5.g3 Nc6 6.Bg2 Nc7 7.O-O e5 8.d3 Be7
9.Be3 O-O 10.Rc1 Bd7 11.Nd2 b6 12.Nc4 f6 13.f4 exf4 14.gxf4 f5 15.Ne5 Nxe5
16.fxe5 Rc8 17.Bf2 Bg5 18.e3 Ne6 19.Rc2 Bc6 20.Bxc6 Rxc6 21.d4 cxd4 22.exd4 Nf4
23.d5 Nxd5 24.Qf3 Ne7 25.Rd1 Qb8 26.Re2 Re6 27.Rde1 Qa8 28.Qxa8 Rxa8 29.Nb5 Nd5
30.Nd4 Rg6 31.Kh1 Nf4 32.Rc2 Nd3 33.Rd1 Nxe5 34.Nxf5 Rf8 35.Ng3 Ng4 36.Bg1 Be3
37.Re2 Bxg1 38.Rxg1 Rf2 39.Rxf2 Nxf2+ 40.Kg2 Nd3 41.Rd1 Rd6 42.Kg1 Kf7 43.Ne4 Rg6+
44.Kf1 Ne5 45.h3 Ke6 46.Rd8 Kf5 47.Nf2 Kf4 48.Rd4+ Kf3 49.Ra4 a5 50.Ra3+ Kf4
51.Ra4+ Kf5 52.b4 axb4 53.Rxb4 Rc6 54.Rb2 g5 55.Kg2 h5 56.Kg3 Rc3+ 57.Kg2 Nc4
58.Rb5+ Kf4 59.a4 Ne3+ 60.Kg1 Rc1+ 61.Kh2 Kf3 62.Nd3 Nf1+ 63.Kg1 Ng3+ 64.Nxc1 Ne4
65.Rxb6 g4 66.hxg4 hxg4 67.a5 Ng5 68.Rb3+ Kf4 69.Ne2+  1-0

[Event "TCh-POL 1st League"]
[Site "Mrzezyno POL"]
[Date "2011.09.03"]
[Round "1"]
[White "Krysztofiak,M"]
[Black "Swiech,Pr1"]
[Result "1-0"]
[WhiteElo "2461"]
[BlackElo "2244"]

1.Nf3 Nf6 2.c4 c5 3.Nc3 e6 4.e4 d5 5.cxd5 exd5 6.e5 d4 7.exf6 dxc3 8.Bb5+ Nc6
9.Qe2+ Be6 10.dxc3 gxf6 11.Bf4 a6 12.Bc4 Qe7 13.O-O O-O-O 14.Rfe1 Bxc4 15.Qxc4 Qd7
16.Bg3 Qd5 17.Qg4+ f5 18.Qa4 c4 19.Rad1 Qb5 20.Rxd8+ Nxd8 21.Qxb5 axb5 22.Re5 b4
23.Rxf5 bxc3 24.bxc3 Bg7 25.Be5 Bxe5 26.Nxe5 Re8 27.Kf1 Re6 28.Nxf7 Nxf7
29.Rxf7 Ra6 30.Rxh7 Rxa2 31.g4 b5 32.g5 Kd8 33.Rb7 Ra3 34.g6  1-0

[Event "3rd Julio Bolbochan Mem"]
[Site "Banfield ARG"]
[Date "2011.09.04"]
[Round "8.5"]
[White "Saldano Dayer,H"]
[Black "Mayorga,N"]
[Result "1/2-1/2"]
[WhiteElo "2428"]
[BlackElo "2330"]

1.c4 c5 2.Nf3 Nf6 3.Nc3 b6 4.e4 Bb7 5.e5 Ng4 6.d4 Nc6 7.d5 Ncxe5 8.Nxe5 Nxe5
9.f4 Ng6 10.Qe2 e6 11.g3 Ne7 12.Bg2 Qb8 13.b3 Nf5 14.Bb2 Be7 15.O-O-O Bf6
16.Be4 O-O 17.Rdf1 Re8 18.Qd3 g6 19.Bxf5 exf5 20.Re1 a6 21.Nd1 Bxb2+ 22.Nxb2 Qc7
23.Re3 Rxe3 24.Qxe3 b5 25.Re1 bxc4 26.bxc4 Qa5 27.Kb1 Rb8 28.Re2 Qb6 29.Qb3 Qc7
30.Qc3 Qd6 31.Qe5 Qxe5 32.Rxe5 Kf8 33.Re3 Bc8 34.Rb3 Rxb3 35.axb3 d6 36.Kc2 Bd7
37.Nd1 Ke7 38.Nc3 h6 39.Kd2 g5 40.Ke3 f6 41.Kd2 Kf7 42.Ke3 Be8 43.Kf2 Ke7
44.Nd1 Kf7 45.Ne3 Bd7 46.Ke2 Ke8 47.Ke1 Kf7 48.Kf2 Kg6 49.Kg2 a5 50.h4 a4
51.bxa4 Bxa4 52.h5+ Kxh5 53.Nxf5 gxf4 54.gxf4 Bb3 55.Kf3 Bxc4 56.Ke4 Ba2
57.Nxd6 Bb1+ 58.Ke3 Ba2 59.Ne4 Kg6 60.d6 Kf7 61.Nxc5 Bb1  1/2-1/2

[Event "13th Trieste Open"]
[Site "Trieste ITA"]
[Date "2011.09.04"]
[Round "2"]
[White "Banusz,T"]
[Black "Srebrnic,V"]
[Result "1-0"]
[WhiteElo "2552"]
[BlackElo "2244"]

1.Nf3 Nf6 2.c4 c5 3.Nc3 g6 4.d4 cxd4 5.Nxd4 Nc6 6.e4 d6 7.Be2 Nxd4 8.Qxd4 Bg7
9.Be3 O-O 10.Qd2 Be6 11.Rc1 Qa5 12.f3 Rfc8 13.b3 a6 14.Na4 Qxd2+ 15.Kxd2 Nd7
16.g4 f5 17.exf5 gxf5 18.h3 Rf8 19.f4 Rad8 20.Nc3 Nc5 21.Bf3 a5 22.Rhe1 Bc8
23.Kc2 b6 24.Nd5 e5 25.g5 Bb7 26.Rcd1 Kf7 27.Rf1 Bxd5 28.Bxd5+ Kg6 29.a3 exf4
30.Bxf4 Be5 31.Bc1 Rfe8 32.b4 axb4 33.axb4 Ne6 34.h4 Nd4+ 35.Kd3 b5 36.h5+ Kg7
37.cxb5 Nxb5 38.Bc6 Nc3 39.Bxe8 Nxd1 40.h6+ Kg8 41.Bc6 Nc3 42.Rxf5 Rc8 43.b5 Rb8
44.Rxe5  1-0

[Event "TCh-SRB Premier Men"]
[Site "Valjevo SRB"]
[Date "2011.09.04"]
[Round "9.5"]
[White "Perunovic,Mio"]
[Black "Pap,M"]
[Result "0-1"]
[WhiteElo "2459"]
[BlackElo "2507"]

1.Nf3 Nf6 2.c4 c5 3.Nc3 e6 4.g3 b6 5.Bg2 Bb7 6.O-O a6 7.Re1 Be7 8.e4 d6 9.d4 cxd4
10.Nxd4 Qc7 11.Be3 Nbd7 12.Rc1 O-O 13.f4 h5 14.Bh3 Nc5 15.b4 Ncxe4 16.Nxe6 Qxc4
17.Na4 Qxb4 18.Nxf8 Bxf8 19.Nxb6 Rd8 20.Qb3 d5 21.Red1 Qe7 22.Nc8 Bxc8 23.Rxc8 Rxc8
24.Bxc8 h4 25.Bd4 hxg3 26.hxg3 Nh5 27.Re1 Qc7 28.Bb7 Nexg3 29.Bxd5 Nxf4 30.Bf3 Nf5
31.Qc3 Nh3+ 32.Kf1 Qg3 33.Be4 Qf4+ 34.Kg2 Qg4+ 35.Kh2 Ng5 36.Bxf5 Nf3+ 37.Kh1 Qh4+
38.Kg2 Nxe1+ 39.Kf1 Qf4+  0-1

[Event "Yuzhny Open"]
[Site "Yuzhny UKR"]
[Date "2011.09.04"]
[Round "3.24"]
[White "Kovalchuk,Al RUS"]
[Black "Nasirov,R"]
[Result "1-0"]
[WhiteElo "2191"]
[BlackElo "1965"]

1.Nf3 c5 2.c4 Nf6 3.Nc3 g6 4.d4 cxd4 5.Nxd4 Bg7 6.e4 O-O 7.Be2 Nc6 8.Be3 b6
9.Qd2 Bb7 10.f3 e6 11.Ndb5 d5 12.cxd5 exd5 13.exd5 Nb4 14.d6 Nfd5 15.Nxd5 Nxd5
16.Bg5 Qd7 17.Rc1 a6 18.Nc7 Rac8 19.Nxd5 Rxc1+ 20.Qxc1 Bxd5 21.Be7 Re8 22.O-O Bf8
23.Bxa6 Bxe7 24.dxe7 Qxe7 25.Bb5 Rd8 26.a4 Qe5 27.Rd1 Ra8 28.Qc3 Qg5 29.Qd2 Qxd2
30.Rxd2 Bb3 31.Rd3 Be6 32.Kf2 Rc8 33.Rc3 Rd8 34.Ke2 Kg7 35.Bc4 Bxc4+ 36.Rxc4 Rd6
37.h4 h5 38.g3 Kf6 39.Ke3 Re6+ 40.Re4 Rc6 41.Kf4 Rc2 42.Rb4 Rc6 43.Rd4 Re6
44.b4 Ke7 45.Re4  1-0

[Event "Yuzhny Open"]
[Site "Yuzhny UKR"]
[Date "2011.09.07"]
[Round "7.8"]
[White "Golovach,V"]
[Black "Voropaev,Ivan"]
[Result "1/2-1/2"]
[WhiteElo "2263"]
[BlackElo "2101"]

1.c4 Nf6 2.Nc3 c5 3.Nf3 b6 4.g3 Bb7 5.Bg2 g6 6.O-O Bg7 7.Re1 O-O 8.e4 d6
9.d4 cxd4 10.Nxd4 Nfd7 11.Be3 Na6 12.Rc1 Nac5 13.b4 Na6 14.Qb3 Ne5 15.Ncb5 Ng4
16.Bd2 Nc7 17.h3 Nxb5 18.Nxb5 Ne5 19.Be3 a6 20.Nd4 Nc6 21.Ne2 Nb8 22.Red1 Nd7
23.Nc3 Rc8 24.Nd5 e6 25.Nc3 Qc7 26.Ne2 Rfd8 27.Bd4 Qb8 28.Bxg7 Kxg7 29.Qb2+ Nf6
30.Nf4 e5 31.Nd5 Bxd5 32.cxd5 Qb7 33.a4 Qd7 34.Qb3 Rxc1 35.Rxc1 Rc8 36.Rc2 Rc7
37.f4 Ne8 38.fxe5 dxe5 39.Bf1 Nd6 40.Qb2 f6 41.Qc1 Ra7 42.Bg2 Qxa4 43.Rc7+ Rxc7
44.Qxc7+ Nf7 45.Qxb6 Qd1+ 46.Kh2 Qd2 47.Qb7 g5 48.Qb6 h5 49.Qc5 h4 50.g4 Qd3
51.Kg1 Kg8 52.Qc1 Qd4+ 53.Kh2 Qxb4 54.Qc8+ Kg7 55.Qxa6  1/2-1/2

[Event "5th ch-Euro IBCA"]
[Site "Rhodes GRE"]
[Date "2011.09.09"]
[Round "4.7"]
[White "Rositsan,B"]
[Black "Yatsishin,I"]
[Result "0-1"]
[WhiteElo "2210"]
[BlackElo "2136"]

1.c4 c5 2.Nc3 Nf6 3.Nf3 d5 4.cxd5 Nxd5 5.Nxd5 Qxd5 6.d4 Nc6 7.Be3 cxd4 8.Nxd4 e5
9.Nxc6 bxc6 10.Bd2 Rb8 11.Qc2 Bd7 12.e4 Qd4 13.Bc3 Bb4 14.Rd1 Bxc3+ 15.bxc3 Qc5
16.Be2 Be6 17.O-O O-O 18.Rd2 Qa3 19.Rfd1 g6 20.h3 h5 21.Qd3 Rfd8 22.Qe3 Rxd2
23.Rxd2 Kh7 24.Rd3 Rb1+ 25.Kh2 Qc1 26.Qxa7 Qh1+ 27.Kg3 Rg1 28.Kh4 Qxg2 29.Rg3 Qxe4+
30.Bg4 Rxg3  0-1

[Event "2nd Zlatni Rat Open"]
[Site "Bol CRO"]
[Date "2011.09.10"]
[Round "1.8"]
[White "Saric,A"]
[Black "Schmitz,A1"]
[Result "1-0"]
[WhiteElo "2489"]
[BlackElo "2069"]

1.Nf3 Nf6 2.c4 c5 3.Nc3 b6 4.d4 cxd4 5.Nxd4 Bb7 6.f3 g6 7.e4 Nc6 8.Be3 Bg7
9.Be2 O-O 10.O-O Nxd4 11.Bxd4 Nh5 12.Rc1 Nf4 13.Bxg7 Nxe2+ 14.Nxe2 Kxg7 15.Qd4+ Kg8
16.Rfd1 d6 17.e5 dxe5 18.Qxe5 Qb8 19.Qxb8 Rfxb8 20.Rd7 Kf8 21.Rc7 Ba6 22.Nc3 Rc8
23.Nb5 Bxb5 24.cxb5 Rd8 25.R1c2 a6 26.bxa6 Rxa6 27.a3 Ra5 28.Rb7 Rb5 29.Re2 e6
30.Rc2 Ke8 31.b4 Rd7 32.Rc8+ Ke7 33.Rcb8 Rxb7 34.Rxb7+ Kf6 35.Kf2 e5 36.Ke3 Ke6
37.Kd3 Rd5+ 38.Kc4 Rd2 39.Rxb6+ Kf5 40.g4+ Kg5 41.Rb7 Rd4+ 42.Kc5 Rf4 43.a4 Rxf3
44.a5 Kxg4 45.Re7 f5 46.b5 e4 47.b6 Ra3 48.Kb4 Ra2 49.b7 Rxh2 50.Kc3 Rh3+
51.Kc4  1-0

[Event "ch-Euro Youth b18"]
[Site "Albena BUL"]
[Date "2011.09.13"]
[Round "3.28"]
[White "Genchev,Evgeni"]
[Black "Makk,R"]
[Result "0-1"]
[WhiteElo "1856"]
[BlackElo "2247"]

1.Nf3 c5 2.c4 Nf6 3.Nc3 b6 4.e3 Bb7 5.d4 cxd4 6.exd4 g6 7.Bf4 d6 8.Be2 Bg7
9.O-O O-O 10.Rc1 Nbd7 11.Qd2 d5 12.b3 Ne4 13.Qc2 Rc8 14.Rfd1 Ndf6 15.Nxe4 Nxe4
16.Qb1 Qd7 17.Be3 Rfd8 18.Bd3 Nf6 19.Ne5 Qe8 20.c5 bxc5 21.dxc5 d4 22.Bd2 Rd5
23.Nf3 Rdxc5 24.Rxc5 Rxc5 25.Nxd4 Ng4 26.Ne2 Qc6  0-1

[Event "2nd Livigno Open A"]
[Site "Livigno ITA"]
[Date "2011.09.13"]
[Round "2.7"]
[White "Stella,A"]
[Black "Olszewski,Mi"]
[Result "1/2-1/2"]
[WhiteElo "2447"]
[BlackElo "2534"]

1.Nf3 Nf6 2.c4 e6 3.Nc3 c5 4.e4 Nc6 5.Be2 d5 6.exd5 exd5 7.d4 Be6 8.cxd5 Nxd5
9.O-O Be7 10.Nxd5 Qxd5 11.Be3 cxd4 12.Nxd4 Nxd4 13.Qxd4 O-O 14.Bf3 Qb5  1/2-1/2

[Event "ch-Euro Youth g18"]
[Site "Albena BUL"]
[Date "2011.09.14"]
[Round "4.16"]
[White "Messina,R"]
[Black "Byrka,J"]
[Result "1/2-1/2"]
[WhiteElo "1970"]
[BlackElo "1925"]

1.c4 Nf6 2.Nc3 c5 3.Nf3 d5 4.cxd5 Nxd5 5.e4 Nc7 6.Bc4 Nc6 7.O-O e6 8.d3 Be7
9.Be3 O-O 10.d4 cxd4 11.Nxd4 Nxd4 12.Bxd4 b6 13.Qd3 Bb7 14.Rfd1 Qd6 15.Qe2 e5
16.Be3 Qc6 17.Rac1 Bb4 18.Bd5 Nxd5 19.Nxd5 Qa4 20.Qc4 Bxd5 21.Rxd5 b5 22.Rxb5 Rac8
23.Bc5 Rfd8 24.Rxb4 Rd1+ 25.Rxd1 Qxd1+ 26.Qf1 Qd2 27.h3 h6 28.Rc4 Rd8 29.Qc1 Qe2
30.Be3 Rd1+ 31.Qxd1 Qxd1+ 32.Kh2 a6 33.Rc6 Qd3 34.a3 Kh7 35.Rc7 Kg6 36.Rc6+ Kh7
37.Rb6 Kg8 38.a4 Qxe4 39.Rxa6 f5 40.Ra7 f4 41.Bc5 Qd5 42.b4 e4 43.Re7 f3
44.gxf3 exf3 45.Kg3 g5 46.Kg4 Qc6 47.a5 Qc8+ 48.Kh5 Qf5 49.Kxh6 Qf6+ 50.Kh5 Qf5
51.Kh6 Qf6+ 52.Kh5 Qf5 53.Kh6 Qf6+  1/2-1/2

[Event "TCh-FIN SM-Liiga 2011-12"]
[Site "Joensuu FIN"]
[Date "2011.09.17"]
[Round "1.6"]
[White "Porrasmaa,T"]
[Black "Kiltti,J"]
[Result "1-0"]
[WhiteElo "2124"]
[BlackElo "2271"]

1.c4 Nf6 2.Nc3 c5 3.Nf3 e6 4.e3 Be7 5.d4 cxd4 6.exd4 d5 7.cxd5 exd5 8.Bb5+ Bd7
9.Qb3 Bxb5 10.Qxb5+ Qd7 11.O-O O-O 12.Bg5 Qxb5 13.Nxb5 Nc6 14.Ne5 a6 15.Nxc6 bxc6
16.Nc3 Rab8 17.b3 Bb4 18.Bxf6 Bxc3 19.Rac1 Bb4 20.Bg5 Rbc8 21.Rfd1 Rfe8 22.Rc2 Re6
23.Bd2 Be7 24.Rdc1 Kf8 25.Kf1 Ke8 26.Be3 Kd7 27.Ke2 f5 28.Kd3 g5 29.g3 Rf8
30.Re2 Re8 31.Rce1 Bf6 32.f3 a5 33.Bf2 g4 34.Rxe6 Rxe6 35.Rxe6 Kxe6 36.Be1 gxf3
37.Ke3 f4+ 38.gxf4 Kf5 39.h3 Bd8 40.Kxf3 h5 41.a4 Bc7 42.b4 axb4 43.Bxb4 Bb6
44.Ke3 Bc7 45.a5 c5 46.dxc5 Bxf4+ 47.Kf3 Bb8 48.c6 d4 49.a6 d3 50.a7  1-0

[Event "TCh-Central Serbia 2011"]
[Site "Kraljevo SRB"]
[Date "2011.09.19"]
[Round "4"]
[White "Raicevic,I"]
[Black "Milanovic,Sla"]
[Result "1/2-1/2"]
[WhiteElo "2282"]
[BlackElo "2411"]

1.c4 Nf6 2.Nc3 e6 3.Nf3 c5 4.g3 b6 5.Bg2 Bb7 6.O-O d6 7.d4 cxd4 8.Qxd4 a6
9.b3 Be7 10.Bb2 Qc7 11.Rfd1 O-O 12.Rac1  1/2-1/2

[Event "4th Mumbai Mayors Cup"]
[Site "Mumbai IND"]
[Date "2011.09.20"]
[Round "7"]
[White "Maheswaran,P"]
[Black "Roy Chowdhury,S"]
[Result "1/2-1/2"]
[WhiteElo "2289"]
[BlackElo "2427"]

1.Nf3 Nf6 2.c4 c5 3.Nc3 g6 4.d4 cxd4 5.Nxd4 Nc6 6.e4 Bg7 7.Be3 O-O 8.Be2 b6
9.O-O Bb7 10.f3 d6 11.Qd2 Qd7 12.Rac1 Rfd8 13.Rfd1 Nxd4 14.Bxd4 e6 15.Bf1 Qe7
16.Qf2 Rd7 17.Rc2  1/2-1/2

[Event "TCh-Central Serbia 2011"]
[Site "Kraljevo SRB"]
[Date "2011.09.25"]
[Round "11.6"]
[White "Todorovic,GN"]
[Black "Djokic,V"]
[Result "1-0"]
[WhiteElo "2396"]
[BlackElo "2299"]

1.Nf3 c5 2.c4 Nf6 3.Nc3 e6 4.g3 b6 5.Bg2 Bb7 6.O-O Be7 7.d4 cxd4 8.Qxd4 d6
9.Rd1 a6 10.b3 Qc7 11.Ba3 Nc6 12.Bxd6 Nxd4 13.Bxc7 Nxf3+ 14.Bxf3 Bxf3 15.exf3 Bd8
16.Bd6 Be7 17.Na4 b5 18.Nb6 Rd8 19.Bc7 Rxd1+ 20.Rxd1 O-O 21.Kf1 bxc4 22.bxc4 Re8
23.Ke2 h5 24.h3 Kh7 25.a4 Kg6 26.Bd6 Bxd6 27.Rxd6 Re7 28.Kd3 Rc7 29.Kd4 Kf5
30.c5 h4 31.c6 e5+ 32.Kc5 hxg3 33.fxg3 e4 34.Nd5 exf3 35.Nxf6 gxf6 36.Rd4 Ke5
37.Rf4 Rc8 38.Rxf3 Rb8 39.Re3+ Kf5 40.c7 Rb1 41.Rc3  1-0

[Event "34th OFSz Mayor's Cup"]
[Site "Zabrze POL"]
[Date "2011.09.28"]
[Round "8.6"]
[White "Semik,Tomasz"]
[Black "Drela,Michal"]
[Result "1-0"]
[WhiteElo "1878"]
[BlackElo "1459"]

1.Nf3 c5 2.c4 Nf6 3.Nc3 g6 4.g3 Bg7 5.Bg2 Nc6 6.O-O O-O 7.b3 b6 8.Bb2 Bb7
9.e3 d5 10.d4 cxd4 11.exd4 e6 12.Rc1 Rc8 13.cxd5 exd5 14.Re1 Re8 15.Ne5 Ba8
16.Bh3 Rb8 17.Nb5 Nxe5 18.dxe5 Ne4 19.f4 Re7 20.Ba3 Nc5 21.Nd4 Rc7 22.Re2 g5
23.Rec2 gxf4 24.gxf4 Na6 25.Bd6 Rxc2 26.Rxc2 Qh4 27.Qf1 Rd8 28.Nf5 Qh5 29.Rg2 Kh8
30.Rxg7 Rxd6 31.Rg5 Rg6 32.Ng3 Rxg5 33.fxg5 Qxg5 34.Qxa6 Qc1+ 35.Qf1 Qe3+
36.Qf2 Qc1+ 37.Nf1 Qg5+ 38.Qg3 Qc1 39.e6 Qc5+ 40.Qf2 d4 41.Qf6+ Kg8 42.Qxf7+ Kh8
43.Qe8+ Kg7 44.Qxa8 d3+ 45.Kh1 Qh5 46.Qg2+ Kf6 47.Qf2+ Ke5 48.Qf5+  1-0

[Event "16th ECC w"]
[Site "Rogaska Slatina SLO"]
[Date "2011.09.29"]
[Round "5.4"]
[White "Srebrnic,A"]
[Black "Muzychuk,A"]
[Result "0-1"]
[WhiteElo "2222"]
[BlackElo "2545"]

1.Nf3 Nf6 2.c4 e6 3.Nc3 c5 4.g3 d5 5.cxd5 exd5 6.d4 Nc6 7.Bg2 Be7 8.O-O O-O
9.dxc5 Bxc5 10.Na4 Be7 11.Be3 Bg4 12.Rc1 Rc8 13.Bc5 Re8 14.Re1 h6 15.b3 Ne4
16.Bxe7 Qxe7 17.Nc3 Qa3 18.Nd4 Nxc3 19.Rxc3 Qxa2 20.h3 Bh5 21.g4 Bg6 22.Bxd5 Red8
23.e4 Qa5 24.Nxc6 bxc6 25.Qc1 Kh7 26.Ree3 cxd5 27.Rxc8 Rxc8 28.Qxc8 Qa1+
29.Kh2 Qb2 30.Kg3 d4 31.Rf3 Bxe4 32.Rf4 Qb1 33.Rxf7 Qxb3+ 34.f3 Qxf7 35.fxe4 Qb3+
36.Kf4 Qf7+ 37.Kg3 d3 38.e5 Qd5 39.Qf5+ Kg8 40.Qc8+ Kf7 41.Qc7+ Ke6 42.Qxa7 d2
43.Qa6+ Kxe5 44.Qe2+ Kd6 45.Qd1 g5 46.Kf2 Qd3 47.Kg2 Qe3  0-1

[Event "Tatry Open"]
[Site "Tatranske Zruby SVK"]
[Date "2011.09.30"]
[Round "7.13"]
[White "Mrva,Mart"]
[Black "Cambel,V"]
[Result "1-0"]
[WhiteElo "2470"]
[BlackElo "2036"]

1.Nf3 Nf6 2.c4 g6 3.Nc3 c5 4.d4 cxd4 5.Nxd4 Bg7 6.g3 O-O 7.Bg2 Nc6 8.O-O Nxd4
9.Qxd4 d6 10.Qh4 a6 11.Rd1 Qc7 12.Bg5 h6 13.Bxh6 Bxh6 14.Qxh6 Qxc4 15.Rac1 Qb4
16.Nd5 Nxd5 17.Bxd5 e6 18.Bb3 Qb6 19.Rc4  1-0

[Event "World Amateur Chess Championship"]
[Site "Antalya TUR"]
[Date "2011.10.04"]
[Round "4"]
[White "Sahin,S"]
[Black "Bilguun,Sumiya"]
[Result "1-0"]
[WhiteElo "1949"]
[BlackElo "1976"]

1.Nf3 c5 2.c4 Nf6 3.Nc3 e6 4.g3 b6 5.Bg2 Bb7 6.O-O d6 7.d4 cxd4 8.Qxd4 a6
9.Be3 Nbd7 10.Rfd1 Be7 11.Rac1 Rc8 12.b4 e5 13.Qh4 Ne4 14.Qg4 h5 15.Qh3 Nef6
16.Nd2 d5 17.Nxd5 Bxd5 18.cxd5 Bxb4 19.Qf5 O-O 20.Bg5 Bxd2 21.Bxd2 g6 22.Qb1 Nc5
23.Bh6 Re8 24.Bh3 Rb8 25.Bg5 Qd6 26.f3 Nh7 27.Be3 Re7 28.Rc4 Nf6 29.Bg5 Reb7
30.e4 Ne8 31.Qc2 Rc7 32.Rc1 Rbb7 33.Be3 Nd7 34.Rc6 Qa3 35.Qb3 Qxb3 36.axb3 Nc5
37.b4 Nd3 38.Rxc7 Nxc7 39.Bc8 Nxc1 40.Bxb7 Ne2+ 41.Kf2 Nd4 42.Bg5 Ndb5 43.Bf6 Nd6
44.Bxe5 Nxb7 45.Bxc7 a5 46.b5 a4 47.Bxb6 a3 48.e5 Kf8 49.Ke2 a2 50.Bd4 Na5
51.Kd3 Nb3 52.Bb2 Ke7 53.Kc2 Nc5 54.Bd4 Kd7 55.Kb2 Nd3+ 56.Ka3 Ne1 57.Kxa2 Nxf3
58.Bc3 Nxh2 59.b6 Nf3 60.e6+ fxe6 61.dxe6+ Kxe6 62.b7 Kf5 63.b8=Q g5 64.Qb7  1-0

[Event "Belgrade Premier League 2011"]
[Site "Belgrade SRB"]
[Date "2011.10.06"]
[Round "6.1"]
[White "Cvetkovic,Sr"]
[Black "Carnic,S"]
[Result "1-0"]
[WhiteElo "2406"]
[BlackElo "2343"]

1.c4 Nf6 2.Nf3 e6 3.Nc3 c5 4.g3 b6 5.Bg2 Bb7 6.O-O Be7 7.d4 cxd4 8.Qxd4 d6
9.Rd1 a6 10.Bg5 Nbd7 11.Qd2 O-O 12.Bf4 Ne8 13.Rac1 Rc8 14.b3 Nc5 15.b4 Ne4
16.Nxe4 Bxe4 17.Qe3 Bc6 18.Qb3 Qd7 19.Ne5 dxe5 20.Rxd7 Bxd7 21.Bxe5 Bc6 22.Bxc6 Rxc6
23.Qf3  1-0

[Event "Oslo GM Open"]
[Site "Oslo NOR"]
[Date "2011.10.07"]
[Round "7.9"]
[White "Hole,O"]
[Black "Ostmoe,G"]
[Result "0-1"]
[WhiteElo "2387"]
[BlackElo "2443"]

1.Nf3 Nf6 2.c4 e6 3.Nc3 c5 4.g3 b6 5.Bg2 Bb7 6.O-O Be7 7.Re1 d6 8.e4 a6 9.d4 cxd4
10.Nxd4 Qc7 11.Be3 O-O 12.Rc1 Nbd7 13.f4 h5 14.h3 Rfe8 15.b3 Bf8 16.Bf2 e5
17.Nd5 Qd8 18.fxe5 Rxe5 19.Nc2 g6 20.Bd4 Re6 21.e5 dxe5 22.Nxf6+ Rxf6 23.Bxb7 exd4
24.Bd5 Bd6 25.Kg2 h4 26.g4 Rc8 27.Nxd4 Bb8 28.Qc2 b5 29.Nf3 Qc7 30.Qf2 Qf4
31.g5 Rf5 32.Qxh4 Rxd5  0-1

[Event "TCh-ROU Superliga 2011"]
[Site "Brasov ROU"]
[Date "2011.10.08"]
[Round "1.5"]
[White "Manea,Al"]
[Black "Suba,M"]
[Result "1-0"]
[WhiteElo "2415"]
[BlackElo "2471"]

1.Nf3 Nf6 2.c4 e6 3.Nc3 c5 4.e4 Nc6 5.Be2 Qc7 6.O-O a6 7.d4 cxd4 8.Nxd4 Nxd4
9.Qxd4 Bd6 10.h3 h5 11.Kh1 Bc5 12.Qd1 d6 13.b4 Ba7 14.Bb2 Bd7 15.Rc1 Rd8
16.Qd3 h4 17.Qd2 Bc8 18.Qg5 Kf8 19.Rcd1 Qe7 20.a3 Ne8 21.Qd2 Bb6 22.Bd3 Bd7
23.Rfe1 Kg8 24.Bc2 Rh6 25.Re2 Bc7 26.Qe1 Rh8 27.Rd3 Nf6 28.Bc1 Nh5 29.Rf3 b5
30.cxb5 axb5 31.Be3 Rc8 32.Qd2 Bd8 33.Bd4 Bc6 34.a4 bxa4 35.Bxa4 Bxa4 36.Nxa4 e5
37.Be3 Qb7 38.Qxd6 Nf6 39.Bc5 Bc7 40.Qd3 Rd8 41.Qc2 Nh5 42.Nc3 Nf4 43.Rd2 Rxd2
44.Qxd2 Kh7 45.Qd7 Qa6 46.Kh2 Qf1 47.Rxf4 exf4 48.Qxc7 f3 49.gxf3 Ra8 50.Ba7 Qc1
51.Be3 Qf1 52.Ba7 Qc1 53.b5 Rxa7 54.Qxa7 Qf4+ 55.Kg2 Qg5+ 56.Kh1 Qc1+ 57.Kh2 Qf4+
58.Kg2 Qg5+ 59.Kh1 Qc1+ 60.Nd1 Qxd1+ 61.Kg2 f6 62.Qe3 Qb1 63.Qc5 Kh6 64.b6 Qb2
65.Qc7 Qd2 66.b7 Qg5+ 67.Kh1 Qb5 68.Qf4+ g5 69.Qxf6+ Kh5 70.Qf7+ Kh6 71.Kg2  1-0

[Event "TCh-SWE 2011-12"]
[Site "Malmo SWE"]
[Date "2011.10.08"]
[Round "2"]
[White "Engqvist,T"]
[Black "Penalver,O"]
[Result "1/2-1/2"]
[WhiteElo "2353"]
[BlackElo "2270"]

1.Nf3 Nf6 2.c4 e6 3.Nc3 c5 4.d4 cxd4 5.Nxd4 a6 6.Bg5 d6 7.e3 Be7 8.Be2 Qa5
9.Bh4 Nc6 10.O-O O-O 11.a3 Ne5 12.f3 Qc7 13.Qb3 Bd7 14.Rac1 Rac8 15.Na2 Qa5
16.Be1 Qc7 17.Bf2 Qa5 18.Be1 Qc7 19.Rc3 Qb8 20.e4 Rfd8 21.Bf2 Ng6 22.Re1 Be8
23.Bf1 Nd7 24.Nb4 Nc5 25.Qa2 Bg5 26.b3 h5 27.g3 h4 28.Qe2 Qc7 29.f4 hxg3
30.hxg3 Bf6 31.Rf3 a5 32.Nbc2 e5 33.Nf5 Bc6 34.Bxc5 dxc5 35.Qh2 Re8 36.Bd3 Rcd8
37.Re2 exf4 38.gxf4 Nxf4 39.Rg2 Rxd3 40.Rxd3 Be5 41.Qxf4 Bd4+ 42.Ncxd4 Qxf4
43.Rxg7+ Kf8 44.Rh3 Qc1+ 45.Kf2 Qb2+ 46.Kf1 Qa1+ 47.Kf2 Qb2+  1/2-1/2

[Event "TCh-ISL Div1 2011-12"]
[Site "Reykjavik ISL"]
[Date "2011.10.08"]
[Round "2.2"]
[White "Thorarinsson,P"]
[Black "Lagerman,R"]
[Result "1/2-1/2"]
[WhiteElo "2264"]
[BlackElo "2325"]

1.Nf3 Nf6 2.c4 c5 3.Nc3 g6 4.d4 cxd4 5.Nxd4 Bg7 6.e4 Nc6 7.Be3 O-O 8.Be2 Nxd4
9.Bxd4 d6 10.O-O Bd7 11.Qd2 Qa5 12.Rfd1 Rfc8 13.Bxf6 Bxf6 14.Nd5 Qxd2 15.Nxf6+ Kg7
16.Nh5+ gxh5 17.Rxd2 Be6 18.b3 Rc5 19.f4 h6 20.Re1 Kf6 21.Kf2 Rg8 22.Rg1 Bg4
23.Bxg4 Rxg4 24.Kf3 Rg8 25.Rgd1 h4 26.Rd5 Rgc8 27.Rxc5 Rxc5 28.Rd5 Rxd5 29.cxd5 e6
30.g4 hxg3 31.Kxg3 exd5 32.exd5 Kf5 33.Kf3 f6 34.h3 b6 35.Ke3 a6 36.Kf3 Kg6
37.Ke4 f5+ 38.Kd4 Kf7 39.Kc4 Ke7 40.a4 Kd7  1/2-1/2

[Event "Belgrade Premier League 2011"]
[Site "Belgrade SRB"]
[Date "2011.10.09"]
[Round "8.1"]
[White "Cvetkovic,Sr"]
[Black "Stamenkovic,A"]
[Result "1-0"]
[WhiteElo "2406"]
[BlackElo "2309"]

1.c4 Nf6 2.Nc3 c5 3.Nf3 b6 4.g3 Bb7 5.Bg2 g6 6.O-O Bg7 7.d4 cxd4 8.Qxd4 d6
9.Rd1 Nbd7 10.Be3 Rc8 11.Rac1 O-O 12.Qh4 a6 13.b3 Re8 14.Bh3 Bxf3 15.exf3 Ne5
16.Bg2 b5 17.cxb5 Qa5 18.Qa4 Qxa4 19.bxa4 axb5 20.axb5 Nfd7 21.f4 Nc4 22.Bc6 Nxe3
23.fxe3 Rcd8 24.Nd5 Nc5 25.Bxe8 Kf8 26.Bc6 Kg8 27.Be8 Rxe8 28.Rxc5 dxc5 29.a4 e6
30.Nc7 Rc8 31.b6 Bc3 32.Na6  1-0

[Event "Lichtenrader Autumn"]
[Site "Berlin GER"]
[Date "2011.10.09"]
[Round "2.4"]
[White "Meijers,V"]
[Black "Krefenstein,Sergej"]
[Result "1-0"]
[WhiteElo "2471"]
[BlackElo "2025"]

1.Nf3 c5 2.c4 Nf6 3.Nc3 e6 4.e3 Be7 5.b3 O-O 6.Bb2 b6 7.g3 Bb7 8.Bg2 d6 9.O-O Nbd7
10.d4 Qc7 11.Nb5 Qb8 12.Qe2 Bc6 13.Rfd1 a6 14.Nc3 Qb7 15.h4 Rfe8 16.d5 exd5
17.cxd5 Nxd5 18.Nxd5 Bxd5 19.Rxd5 Qxd5 20.Ng5 Qf5 21.Be4  1-0